000
00215 a2200097 4500
001
19841
100
_a
Kaberlein, J
245
_a
Air conditioning metal layout
260
_a
_b
Bruce Pub Co
_c
090
_c
14464
_d
14464
942
_a
NUST-CAE
_c
M
_c
4963
999
_c
254914
_d
254914